• 首页
  • 本馆介绍
  • 公告通知
  • 最新文献
  • 馆藏检索
  • 电子资源
  • 读者导购
  • 参考咨询
  • 我的图书馆
  • 登录
  • 详细信息显示
  • 放入我的书架
  • 预约/预借图书
  • 作者相关作品
  • 分类相关作品
  • 丛书相关作品
  • 出版社相关作品

书目信息

  • 表格格式
  • 工作单格式
  • 卡片格式
题名:
花园别墅外观2
    
 
作者: 周厚高 主编 ;百彤文化 编
分册:  
出版信息: 武汉   华中科技大学出版社  2016.03
页数: 104页
开本: 29cm
丛书名:
单 册:
中图分类: TU241.1-64
科图分类:
主题词: 别墅--建筑设计--世界--图集 , 别墅 , 建筑设计
电子资源:
ISBN: 978-7-5609-7292-3
000 01007nam0 2200277 450
001 1060
005 20161008084132.24
010    @a978-7-5609-7292-3@b平装@dCNY39.80
100    @a20120903d2016 em y0chiy0110 ea
101 0  @achi
102    @aCN@b420000
105    @aa z 000yy
200 1  @a花园别墅外观2@Ahua yuan bie shu wai guan 2@9hua yuan bie shu wai guan@b专著@f周厚高主编@g百彤文化编
210    @a武汉@c华中科技大学出版社@d2016.03
215    @a104页@d29cm
312    @a封面英文共同题名:Garden detached villa
330    @a本书收录了欧洲、北美、新加坡和中国别墅的代表类型,包括独栋别墅和双拼别墅两种,展示了别墅的不同外观和不同风格,呈现了别墅花园的不同形式和不同景观。
510 1  @aGarden detached villa@zeng
606 0  @a别墅@x建筑设计@y世界@j图集
606 0  @a别墅
606 0  @a建筑设计
690    @aTU241.1-64@v5
701  0 @a周厚高@9zhou hou gao@4主编
712 02 @a百彤文化@9bai tong wen hua@4编
801  0 @aCN@b唐山师范学院图书馆@c20160830
905    @aZUCC@dTU241.1-64@e858
    
    花园别墅外观2/周厚高主编/百彤文化编.-武汉:华中科技大学出版社,2016.03
    104页;29cm
    
    
    ISBN 978-7-5609-7292-3(平装):CNY39.80
    本书收录了欧洲、北美、新加坡和中国别墅的代表类型,包括独栋别墅和双拼别墅两种,展示了别墅的不同外观和不同风格,呈现了别墅花园的不同形式和不同景观。
●
相关链接 在E读中查询图书 在五车中查询图书 在当当中查询图书 在豆瓣中查询图书


正题名:花园别墅外观2     索取号:TU241.1-64/858         预约/预借

序号 登录号 条形码 馆藏地/架位号 状态 备注
1 906713   209067132   第二样本阅览室/ [索取号:TU241.1-64/858] 在馆    
2 906714   209067141   第三借阅区/ [索取号:TU241.1-64/858] 在馆    
3 906715   209067150   第三借阅区/ [索取号:TU241.1-64/858] 在馆    
唐山师范学院图书馆 欢迎您!
大连网信软件有限公司© 版权所有